El sindicalismo universitario en el inicio de los noventas /
Guardado en:
| Hovedforfatter: | |
|---|---|
| Format: | Texto |
| Fag: | |
| Tags: |
Tilføj Tag
Ingen Tags, Vær først til at tagge denne postø!
|
MARC
| LEADER | 00000 a a2200000 04500 | ||
|---|---|---|---|
| 001 | 7728 | ||
| 003 | |||
| 040 | |||
| 100 | |a Woldenberg, José | ||
| 245 | |a El sindicalismo universitario en el inicio de los noventas / |c José Woldenberg | ||
| 650 | |a SINDICATOS | ||
| 650 | |a UNIVERSIDADES | ||
| 650 | |a NEGOCIACION COLECTIVA | ||
| 650 | |a MEXICO | ||
| 773 | |g número 3; páginas 105-133 | ||
| 999 | |c 25241 |d 25241 | ||
